Melville Dundas Ltd (in receivership) and others v George Wimpey UK Ltd and others (Record no. 78747)

MARC details
000 -LEADER
fixed length control field 01844cad a22002175a 4500
001 - CONTROL NUMBER
control field L137943
008 - FIXED-LENGTH DATA ELEMENTS--GENERAL INFORMATION
fixed length control field 070509e20070425xxk f w 000 0 eng d
035 ## - SYSTEM CONTROL NUMBER
System control number (Sirsi) u137943
041 0# - LANGUAGE CODE
Language code of text/sound track or separate title eng
245 00 - TITLE STATEMENT
Title Melville Dundas Ltd (in receivership) and others v George Wimpey UK Ltd and others
Medium [electronic resource]
260 ## - PUBLICATION, DISTRIBUTION, ETC.
Date of publication, distribution, etc. 2007
520 ## - SUMMARY, ETC.
Summary, etc. [2007] UKHL 18, 25 April 2007. Concerned a dispute over liability to make an interim payment under a building contract and called into question the Housing Grants, Construction and Regeneration Act 1996 s111. Appellant (W) appealed against a decision ([2005] ScotCS CSIH 18, L132696) that it had to make an interim payment to the respondent (M) under the terms of a contract between the parties. W argued that clause 27 of the contract prevented payment being made to an insolvent contractor. A key issue to decide was whether the effect of clause 27 was invalidated by provisions of the Housing Grants, Construction and Regeneration Act 1996 and whether W was entitled to withhold the interim payment even though it had failed to serve a notice of its intention to do so in accordance with the 1996 Act s111. "Held": appeal allowed by a majority of 3:2. The 1996 Act s111 had to be construed in a way that was compatible with the operation of clause 27.
590 ## - LOCAL NOTE (RLIN)
Local note KA NTK
650 24 - SUBJECT ADDED ENTRY--TOPICAL TERM
Topical term or geographic name entry element HOUSING GRANTS, CONSTRUCTION AND REGENERATION ACT 1996 S111
650 24 - SUBJECT ADDED ENTRY--TOPICAL TERM
Topical term or geographic name entry element MELVILLE DUNDAS LTD AND OTHERS V GEORGE WIMPEY UK LTD AND OTHERS
651 #4 - SUBJECT ADDED ENTRY--GEOGRAPHIC NAME
Geographic name United Kingdom
Chronological subdivision
690 ## - LOCAL SUBJECT ADDED ENTRY--TOPICAL TERM (OCLC, RLIN)
Topical term or geographic name as entry element BUILT ENVIRONMENT-CONSTRUCTION MANAGEMENT-BUILDING CONTRACT ADMINISTRATION
690 ## - LOCAL SUBJECT ADDED ENTRY--TOPICAL TERM (OCLC, RLIN)
Topical term or geographic name as entry element MANAGEMENT-DISPUTE AVOIDANCE, MANAGEMENT AND RESOLUTION-DISPUTE MANAGEMENT AND RESOLUTION
856 40 - ELECTRONIC LOCATION AND ACCESS
Uniform Resource Identifier <a href="https://www.bailii.org/uk/cases/UKHL/2007/18.html">https://www.bailii.org/uk/cases/UKHL/2007/18.html</a>
Public note View the judgment free of charge at www.bailii.org...
942 ## - ADDED ENTRY ELEMENTS (KOHA)
Suppress in OPAC 0
Holdings
Withdrawn status Lost status Source of classification or shelving scheme Damaged status Not for loan Home library Current library Shelving location Date acquired Total Checkouts Full call number Barcode Date last seen Copy number Price effective from Koha item type
    Dewey Decimal Classification     Virtual Virtual Online 09/05/2007   ONLINE PUBLICATION 137943-2001 06/08/2019 1 06/08/2019 Law report